000
00238nam a2200097Ia 4500
005
20251222114412.0
008
251222s1900||||xx |||||||||||||| ||spa||
082
_a
DVD0090/P44/2004
245
0
_a
Suite Habana:Un día en la habana
942
_c
DVD
999
_c
2095
_d
2095